Objets de A à Z - Statistiques

Statistiques générales
  • Ce quiz a été pris 835 fois
    773 depuis la dernière actualisation
  • Le résultat moyen est 19 sur 26
Statistiques - réponses
Hint Réponse % Correct
On joue au foot, basket, etc avec Ballon
99%
On y note les cours dictés par les profs Cahier
93%
On connaît l'heure grâce à elle Horloge
91%
Protège de la pluie Parapluie
90%
On y trouve notre reflet Miroir
89%
On y lit les nouvelles de la veille/semaine Journal
87%
Le chien y dort Niche
87%
Pratique lorsqu'on fait la vaisselle Eponge
86%
Il est difficile d'y trouver une aiguille Foin
83%
Très utile pour stabiliser les bateaux à un endroit spécifique Ancre
80%
On peut y mettre des fleurs Vase
80%
Pour faire des copies Imprimante
79%
Il chauffe la maison Radiateur
77%
Les hommes y font pipi Urinoir
76%
Objet de décoration, "J'ai un Van Gogh" Tableau
73%
Pour ramer sur un lac Kayak
71%
On y voit plus claire chez soi Lampe
68%
La boule les faits tomber Quilles
67%
Pratique pour transporter de l'eau ou autres liquides Gourde
65%
Il ferme le pull, la trousse, ... Zip
65%
Ce quiz a été crée depuis cet outil Ordinateur
62%
Un piano mais avec des baguettes Xylophone
62%
Permet de faire des plans caméras en hauteur, peut être fpv Drone
48%
Permet de réaliser l'action de la lettre "C" Stylo
42%
Il descend et monte le long d'un fil Yo-Yo
37%
Grâce à elle on se voit à travers nos écrans Webcam
26%
Aucun quiz correspondant
Distribution des résultats
% des personnes avec chaque résultat
Percentile par nombre de réponses
Votre historique - résultats
Vous n’avez pas pris ce quiz depuis la dernière actualisation